000
00283nam a2200121 4500
999
_c
11659
_d
11659
003
OSt
005
20230711182706.0
008
230711b ||||| |||| 00| 0 eng d
245
_a
Green Homes /efficient healthy smart
260
_b
B S Publications
300
_a
305;p
942
_2
ddc